Microsoft Word 2000 toàn tập

Gardado en:
Detalles Bibliográficos
Autor Principal: Charles Rubin
Formato: Libro
Idioma:Undetermined
Publicado: Tp. HCM Trẻ 2000
Những chủ đề:
Các nhãn: Engadir etiqueta
Sen Etiquetas, Sexa o primeiro en etiquetar este rexistro!
Thư viện lưu trữ: Trung tâm Học liệu Trường Đại học Cần Thơ
LEADER 00527nam a2200193Ia 4500
001 CTU_40378
008 210402s9999 xx 000 0 und d
020 |b 88.000đ 
082 |a 005.15 
082 |b R896 
100 |a Charles Rubin 
245 0 |a Microsoft Word 2000 toàn tập 
245 0 |c Charles Rubin, Đoàn Công Hùng 
260 |a Tp. HCM 
260 |b Trẻ 
260 |c 2000 
650 |a world ( computer programs ) 
904 |i Minh, 010302 
980 |a Trung tâm Học liệu Trường Đại học Cần Thơ